00369nam a2200145Ia 4500008004100000020001500041082001600056100002000072245004400092250000800136260002700144300001000171500002400181650001800205230524s9999 xx 000 0 und d a0684840154 a401.11bCOV aStephen R.Covey 4aThe Habits of Highly Effective Familes a1ST aNEW DELHIbSimonc1997 aX;392 aQuantity Number: 1 aMiscellaneous